000 00502cam a2200181ua 4500
001 407
008 110331n ii |||gr||||Z||||||eng
040 _cMAIN
082 _a327.09041
245 1 1 _aInternational relations and world politics since 1919.
_cBy Sailendra Nath Dhar.
250 _a2nd.
260 _aNew Delhi.:
_bAsia publishins house.,967.
300 _a754 p.:9 cm.
653 _aPolitical science.
653 _aInternational relations.
700 1 _aDhar, Sailendra Nath.,
942 _cBK
999 _c352
_d352